Cái mới trong đổi mới /
Сохранить в:
| Главный автор: | |
|---|---|
| Формат: | Sách giấy |
| Язык: | Vietnamese |
| Опубликовано: |
H. :
Chính trị Quốc gia,
2007.
|
| Предметы: | |
| Метки: |
Добавить метку
Нет меток, Требуется 1-ая метка записи!
|
| Thư viện lưu trữ: | Thư viện Trường Đại học Đà Lạt |
|---|
| LEADER | 00740nam a2200313 4500 | ||
|---|---|---|---|
| 001 | DLU080061554 | ||
| 005 | ##20080101 | ||
| 040 | # | # | |a DLU |b vie |
| 041 | # | # | |a vie |
| 044 | # | # | |a vn |
| 082 | # | # | |a 324.259 707 55 |b HA-D |
| 100 | # | # | |a Hà Đăng. |
| 245 | # | # | |a Cái mới trong đổi mới / |c Hà Đăng. |
| 260 | # | # | |a H. : |b Chính trị Quốc gia, |c 2007. |
| 300 | # | # | |a 787 tr. ; |c 22 cm. |
| 653 | # | # | |a Chính sách nhà nước |
| 653 | # | # | |a Chế độ XHCN |
| 653 | # | # | |a Lý luận chính trị |
| 923 | # | # | |a 24/2007 |
| 992 | # | # | |a 83000 |
| 994 | # | # | |a DLU |
| 900 | # | # | |a True |
| 911 | # | # | |a Nguyễn Thanh Hương |
| 925 | # | # | |a G |
| 926 | # | # | |a A |
| 927 | # | # | |a SH |
| 980 | # | # | |a Thư viện Trường Đại học Đà Lạt |